Score 0/11 Timer 04:00
27 Plays Today
Question Answer Wrong Answers
Politics
Mao Zedong, Friedrich Engels, and Hồ Chí Minh all advocated which political ideology?
Communism
92.2%
Fascism
3.7%
Liberalism
1%
Conservatism
1%
Year
During which year did Christopher Columbus first arrive in the Americas?
1492
85.1%
1495
4.2%
1498
3.4%
1501
2.6%
World Leaders
Who was the longest serving non-royal world leader who rose to power after 1900?
Fidel Castro
78.3%
Kim Il-sung
6.2%
Muammar Gaddafi
6.1%
Francisco Franco
8.2%
Biography
Whose autobiography was titled 'Long Walk to Freedom'?
Nelson Mandela
77%
Aung San Suu Kyi
1.8%
Mahatma Gandhi
14.8%
Thomas Jefferson
0.9%
Art
Which artist painted 'The Scream'?
Edvard Munch
72%
Vincent van Gogh
11.8%
Pablo Picasso
5.7%
Claude Monet
4.9%
Decade
During which decade was slavery abolished in the United States?
1860s
71.7%
1850s
5.8%
1840s
3.5%
1870s
14.6%
US Presidents
Who is the only person to have served as both US Vice President and President without being elected to either office?
Gerald Ford
64.2%
George Washington
5.5%
Lyndon B. Johnson
22.8%
Harry Truman
7.3%
War
The 'Great Northern War' was primarily a contest between which two countries?
Russia and Sweden
54.8%
England and Scotland
19.5%
Denmark and Germany
12%
Great Britain and Norway
9.9%
Nation
Which of the following nations (all of which are currently part of a larger sovereign state) has never been an independent sovereign state?
Faroe Islands
46.9%
Hawaii
12%
Scotland
14.6%
Tibet
23.8%
Discovery
In 1781, William Herschel discovered which planet?
Uranus
44.5%
Neptune
24.3%
Saturn
13.2%
Jupiter
14.7%
Century
During which century did the Renaissance period emanating from Northern Italy begin?
14th
31%
13th
9.4%
15th
35.1%
16th
19.3%
Remove Ads.
Support Sporcle.
Get the best of Sporcle when you Go Orange. This ad-free experience offers more features, more stats, and more fun while also helping to support Sporcle. Thank you for becoming a member.

You're not logged in!

Compare scores with friends on all Sporcle quizzes.
OR
Log In

Show Comments

Extras

Top Quizzes Today


Score Distribution

Your Account Isn't Verified!

In order to create a playlist on Sporcle, you need to verify the email address you used during registration. Go to your Sporcle Settings to finish the process.

Report this User

Report this user for behavior that violates our Community Guidelines.

Details: